| 000 | 00763cab a2200241 4500 | ||
|---|---|---|---|
| 001 | WB3348-04 | ||
| 008 | 090401t1997 xxu||||| |||| 00| 0 eng d | ||
| 035 | _a(Sirsi) u82645 | ||
| 041 | _aeng | ||
| 245 | _aDesign blamed | ||
| 260 | _c1997 | ||
| 350 | _a0 | ||
| 490 |
_aBuilding _v262(8019) 12 December 1997, 8(1) |
||
| 520 | _aResearch by Taywood Engineering shows that mistakes in the design process can have a greater impact on the quality of a construction project than poor workmanship. | ||
| 650 | _aBUILDING DEFECTS | ||
| 650 | _aCONSTRUCTION PROCESS | ||
| 650 | _aCONSTRUCTION PROJECTS | ||
| 650 | _aDESIGN PROCESS | ||
| 650 | _aTAYWOOD ENGINEERING | ||
| 690 | _aBUILT ENVIRONMENT-CONSTRUCTION DESIGN | ||
| 942 | _n0 | ||
| 948 | _c12/12/1997 | ||
| 999 |
_c52196 _d52196 |
||